00463nam a2200181Ia 4500003000400000008004100004040001600045082001700061100001800078245006100096260004900157300000900206650001000215650001800225650001500243650001200258650001100270GCL140319s9999 xx 000 0 eng d aGCL / cGCL04aCCb932bC P1 aCLERE, PIERRE10aLA PORTE D'EVERGETE A KARNAK: 2 PARTIE / cCLERE, PIERRE a[S.N] : bIMPRIMERIE DE L' I.F.A.O ، c1961 a75 P04aEGYPT04aANCIENT EGYPT04aEGYPTOLOGY04aTEMPLES04aKARNAK